LEADER 01211nam0 2200325 450 001 000029151 005 20141010151126.0 010 $a978-88-348-9725-6$bVol. 1 010 $a978-88-348-2833-5$bVol. 2 100 $a20120920d20102012km-y0itay50------ba 101 0 $aita 102 $aIT 105 $ay-------001yy 200 1 $aOrdinamenti federali comparati$fRaffaele Bifulco (a cura di) 210 $aTorino$cGiappichelli$d2010-2012 215 $av.$d24 cm. 327 0 $aVol. 1: Gli stati federali classici. - XVIII, 445 p.$aVol. 2: America Latina, India, Europa, Unione Europea. - XXII, 571 p. 500 10$aOrdinamenti federali comparati$957821 517 1 $aGli stati federali classici 517 1 $aAmerica Latina, India, Europa, Unione Europea 610 1 $aStato federale$aDiritto comparato 676 $a342.042$v22$9Diritto costituzionale. Livelli dello Stato 702 1$aBifulco,$bRaffaele 801 0$aIT$bUNIPARTHENOPE$c20120920$gRICA$2UNIMARC 912 $a000029151 951 $a342-O/2 [I]$b44114$cNAVA1$d2012 951 $a342-O/2 [I] (1)$b45270$cNAVA1$d2014 951 $a342-O/2 [II]$b45271$cNAVA1$d2014 996 $aOrdinamenti federali comparati$957821 997 $aUNIPARTHENOPE LEADER 01166nam a2200289 i 4500 001 991000625909707536 005 20040116123323.0 008 040220r19831987it ||||||b||||||||||ita 020 $a883438220X 035 $ab1264626x-39ule_inst 035 $aARCHE-064461$9ExL 040 $aDip.to Scienze pedagogiche$bita$cA.t.i. Arché s.c.r.l. Pandora Sicilia s.r.l. 082 04$a306.8509 245 00$aCambiamenti familiari e politiche sociali 250 $aRist. 260 $aMilano :$bVita e pensiero,$c1983 $g(stampa 1987) 300 $a217 p. ;$c25 cm 440 0$aBollettino di informazione e documentazione ;$v2 500 $aInclude bibliografia 650 4$aFamiglia e società$xDiritto 907 $a.b1264626x$b02-04-14$c17-03-04 912 $a991000625909707536 945 $aLE024 SOC FAM III 3$g1$i2024000031282$lle021$nex DUSS$o-$pE0.00$q-$rl$s- $t0$u0$v0$w0$x0$y.i1389223x$z08-10-04 945 $aLE022 MP 67 G 20$g1$i2022000043342$lle022$o-$pE0.00$q-$rl$s- $t0$u0$v0$w0$x0$y.i13150789$z17-03-04 996 $aCambiamenti familiari e politiche sociali$9274536 997 $aUNISALENTO 998 $ale022$ale021$b17-03-04$cm$da $e-$fita$git $h0$i2